000 00577nam a2200205 4500
001 136499
003 ES-MaACL
005 20250921063032.0
007 t|
008 070214s1952 sp r ||||1| spa d
100 1 _aSáenz-Alonso, Mercedes,
_d1918-
_9133055
245 1 3 _aLa pequeña ciudad /
_cMercedes Sènz Alonso.
250 _a1ª. ed.
260 _aBarcelona :
_bLuis de Caralt,
_c1952.
300 _a222 p. ;
_c20 cm.
490 1 _aCol. Gigante
830 0 _aCol. Gigante
_9187067
852 _aES-MaACL
_jC-5921
_bR.34105
999 _c136499
_d136499